LEADER 01661nam a2200313 u 4500 001 000000052062 003 CaOOAMICUS 005 20070226115415.0 008 001005s1935 be u000 u fre u 035 $a10857414 040 $aPUL(R)$bita 100 1 $aWagnon, Henri,$d1906-$0(OLS)http://pul/name/37280 245 10$aConcordats et droit international :$bfondement, élaboration, valeur et cessation du droit concordataire /$cpar Henri Wagnon .. 260 $aGembloux :$bJ. Duculot,$c1935. 300 $axxviii, 441 p. ;$c26 cm 490 1 $aDissertationes ad gradum magistri in Facultate Theologica consequendum conscriptae.$aSeries 2 ;$v29 500 $aIn testa al front.: Universitas Catholica Lovaniensis. 650 4$aDiritto internazionale.$0(OLS)http://pul/subject/2505 650 4$aDiritto concordatario.$0(OLS)http://pul/subject/2274 650 4$aConcordati.$0(OLS)http://pul/subject/2273 830 0$aDissertationes ad gradum magistri in Facultate Theologica consequendum conscriptae.$nSeries 2 ;$v29.$0(OLS)http://pul/title/30870 850 $aPUL 852 $aPUL$W1$xDP1 Fondo Ciprotti$y59$m1541 F 22$j68871$nBK-PRI$b $qFondi$B68871$CPULBib$Z2$F68871 $H $81 852 $aPUL$W1$xSL Diritto Canonico 1$y5$m149 F 43$j123048$ac. 2$qStampati$B122026$CPULBib$Z2$F122026 $H23705 $82 941 1 $a1 941 1 $a8 961 $aINV: F.Ciprotti 996 $6245$aConcordats et droit international :$bfondement, élaboration, valeur et cessation du droit concordataire$9(OLS)http://pul/title/69839 996 $6260$aGembloux :$bJ. Duculot$9(OLS)http://pul/publisher/48451 LEADER 01456nam a2200325 u 4500 001 000000054192 003 CaOOAMICUS 005 20150227141940.0 008 001201s1966 it u000 u ita u 035 $a10862969 040 $aPUL(R)$bita 041 0 $aita$heng 100 1 $aPower, Eileen Edna,$d1889-1940.$0(OLS)http://pul/name/38487 240 10$aMedieval People.$lItaliano.$0(OLS)http://pul/title/72693 245 10$aVita nel Medioevo /$cEileen Power. 250 $a7. ed. 260 $aTorino :$bGiulio Einaudi,$c1966. 300 $a209 p.$c18 cm 490 1 $aPiccola biblioteca Einaudi ;$v74 504 $aInclude note bibliografiche. 650 4$aMedioevo$xCondizioni sociali.$0(OLS)http://pul/subject/4932 830 0$aPiccola biblioteca Einaudi ;$v74.$0(OLS)http://pul/title/8551 850 $aPUL 852 $aPUL$W1$xDP1 Fondo Dalla Palma$y117$m1 C 42$j32897$qFondi$B194289$CPULBib$Z2$F194289 $Hdal1236 $81 852 $aPUL$W1$xDP1 Fondo Giannini$y60$m1557 A 32$j71420$nBK-PRI$b $qFondi$B71420$CPULBib$Z2$F71420 $H $81 852 $aPUL$W1$xDP1 Fondo Capitani$y116$m10 E 5.74$j163928$qFondi$B163985$CPULBib$Z2$F163985 $HCap1580 $82 941 1 $a1 961 $aNota ms. di possesso : Capitani 996 $6245$aVita nel Medioevo$9(OLS)http://pul/title/72694 996 $6260$aTorino :$bGiulio Einaudi$9(OLS)http://pul/publisher/54573